Encyclopedia of chemical technology. (Record no. 100569)

MARC details
000 -LEADER
fixed length control field 02444cam a2200565 a 4500
008 - FIXED-LENGTH DATA ELEMENTS--GENERAL INFORMATION
fixed length control field
020 ## - INTERNATIONAL STANDARD BOOK NUMBER
International Standard Book Number 0471526789 (hbk.)
049 ## - LOCAL HOLDINGS (OCLC)
Holding library MAIN
090 ## - LOCALLY ASSIGNED LC-TYPE CALL NUMBER (OCLC); LOCAL CALL NUMBER (RLIN)
Classification number (OCLC) (R) ; Classification number, CALL (RLIN) (NR) REF TP9
Local cutter number (OCLC) ; Book number/undivided call number, CALL (RLIN) ENC
003 - CONTROL NUMBER IDENTIFIER
control field
005 - DATE AND TIME OF LATEST TRANSACTION
control field 20230120191414.0
040 ## - CATALOGING SOURCE
Transcribing agency NUST
245 00 - TITLE STATEMENT
Title Encyclopedia of chemical technology.
250 ## - EDITION STATEMENT
Edition statement 3rd ed /
Remainder of edition statement executive editor: Jacqueline I. Kroschwitz ; editor: Mary Howe-Grant.
260 ## - PUBLICATION, DISTRIBUTION, ETC.
Place of publication, distribution, etc. New York ;
-- Chichester :
Name of publisher, distributor, etc. Wiley.
300 ## - PHYSICAL DESCRIPTION
Extent xxviii, 1022 p. :
Other physical details ill. ;
Dimensions 26 cm.
500 ## - GENERAL NOTE
General note Vol.2. Alkoxides,metal to antibiotics,peptides.
500 ## - GENERAL NOTE
General note Vol.3 Antibiotics(phenazines) tobleaching agents.
500 ## - GENERAL NOTE
General note Vol.4.Blood,coagulants and anticoagulants to cardiovascular agents.
500 ## - GENERAL NOTE
General note Vol.5.Castor oil to chlorosulfuric acid.
500 ## - GENERAL NOTE
General note Vol.6.Chocolate and cocoa to copper.
500 ## - GENERAL NOTE
General note Vol.7.Copper alloys to distillation.
500 ## - GENERAL NOTE
General note Vol.8.Diuretics to emulsions.
500 ## - GENERAL NOTE
General note Vol.9.Enamels to ferrites.
500 ## - GENERAL NOTE
General note Vol.10.Explosives and propellants to flame retardants for textiles.
500 ## - GENERAL NOTE
General note Vol.11.Fluorine compounds, organic to gold and gold compounds.
500 ## - GENERAL NOTE
General note Vol.12.Gravity concentration to hydrogen energy.
500 ## - GENERAL NOTE
General note Vol.13.Hydrogen-ion activity to laminated materials, glass.
500 ## - GENERAL NOTE
General note Vol.14.Laminated wood -based composites to mass transfer.
500 ## - GENERAL NOTE
General note Vol.15.Matches to N-Nitrosamines.
500 ## - GENERAL NOTE
General note Vol. 16. Noise pollution to perfumes.
500 ## - GENERAL NOTE
General note Vol.17.Peroxides and peroxy compounds, inorganic to piping systems.
500 ## - GENERAL NOTE
General note Vol.18.Plant growth substances to potassium compounds.
500 ## - GENERAL NOTE
General note Vol.19.Powder coatings to recycling (rubber).
500 ## - GENERAL NOTE
General note Vol. 20. Refactories to silk.
500 ## - GENERAL NOTE
General note Vol.21.Silver and silver alloys to sulfolanes and sulfones.
500 ## - GENERAL NOTE
General note Vol. 22. Sulfonation and sulfation to thorium and thorium compounds.
500 ## - GENERAL NOTE
General note Vol.23.Thyroid and antithyroid preparations to vinyl polymers.
500 ## - GENERAL NOTE
General note Vol. 24.Vitamins to Zone Refining
500 ## - GENERAL NOTE
General note Index to Volumes 1-24 and supplement.
650 #0 - SUBJECT ADDED ENTRY--TOPICAL TERM
Topical term or geographic name entry element Chemistry, Technical
General subdivision Encyclopedias.
653 0# - INDEX TERM--UNCONTROLLED
Uncontrolled term Chemical engineering
700 1# - ADDED ENTRY--PERSONAL NAME
Personal name Kirk, Raymond E.
700 1# - ADDED ENTRY--PERSONAL NAME
Personal name Othmer, Donald F.
700 1# - ADDED ENTRY--PERSONAL NAME
Personal name Kroschwitz, Jacqueline I.
700 1# - ADDED ENTRY--PERSONAL NAME
Personal name Howe-Grant, Mary.
740 0# - ADDED ENTRY--UNCONTROLLED RELATED/ANALYTICAL TITLE
Uncontrolled related/analytical title Kirk-Othmer encyclopedia of chemical technology.
907 ## - LOCAL DATA ELEMENT G, LDG (RLIN)
a .b10025777
b 29-03-12
c 17-04-03
942 ## - ADDED ENTRY ELEMENTS (KOHA)
Koha item type Ordinary Loan Books
Call number prefix REF TP9
Call number suffix ENC
Holdings
Date last seen Total Checkouts Full call number Barcode Cost, replacement price Price effective from Koha item type Lost status Source of classification or shelving scheme Damaged status Not for loan Collection Withdrawn status Home library Current library Shelving location Date acquired Cost, normal purchase price
01/20/2023   REF TP9 KIR 92003026024 80.00 01/20/2023 BOOKS   LCC     NFIC   MAIN MAIN GEN 01/20/2023 80.00